कोशिश / (Record no. 117989)

MARC details
000 -LEADER
fixed length control field 01080nam a22002777a 4500
003 - CONTROL NUMBER IDENTIFIER
control field dpl
005 - DATE AND TIME OF LATEST TRANSACTION
control field 20190125110734.0
008 - FIXED-LENGTH DATA ELEMENTS--GENERAL INFORMATION
fixed length control field 190125b ||||| |||| 00| 0 eng d
010 ## - LIBRARY OF CONGRESS CONTROL NUMBER
LC control number B-077418
020 ## - INTERNATIONAL STANDARD BOOK NUMBER
Terms of availability 130.00
International Standard Book Number 8188077119
035 ## - SYSTEM CONTROL NUMBER
System control number B-077418, B-077422
037 ## - SOURCE OF ACQUISITION
Source of stock number/acquisition Cen Lib/Ret
040 ## - CATALOGING SOURCE
Original cataloging agency DPL
Language of cataloging HN
Transcribing agency 0
082 ## - DEWEY DECIMAL CLASSIFICATION NUMBER
Classification number 821
Item number सिन्हामी
100 ## - MAIN ENTRY--PERSONAL NAME
Personal name सिन्हा, मीनाक्षी
9 (RLIN) 77835
245 ## - TITLE STATEMENT
Title कोशिश /
Statement of responsibility, etc मीनाक्षी सिन्हा
246 ## - VARYING FORM OF TITLE
Title proper/short title Koshish /
Remainder of title by Minakshi Sinha
260 ## - PUBLICATION, DISTRIBUTION, ETC. (IMPRINT)
Place of publication, distribution, etc दिल्ली
Name of publisher, distributor, etc शब्दसृष्टि
270 ## - ADDRESS
City दिल्ली
Address 1/10295, वेस्ट गोरख पार्क, शाहदरा
Postal code 110032
300 ## - PHYSICAL DESCRIPTION
Extent 120पृ.
Dimensions 20सेमी(सजिल्द )
650 ## - SUBJECT ADDED ENTRY--TOPICAL TERM
Topical term or geographic name as entry element साहित्य--कविता
General subdivision
9 (RLIN) 77836
650 ## - SUBJECT ADDED ENTRY--TOPICAL TERM
Topical term or geographic name as entry element हिंदी--कविता
9 (RLIN) 77837
650 ## - SUBJECT ADDED ENTRY--TOPICAL TERM
Topical term or geographic name as entry element Literature--Poetry
9 (RLIN) 77838
650 ## - SUBJECT ADDED ENTRY--TOPICAL TERM
Topical term or geographic name as entry element Hindi--poetry
9 (RLIN) 77839
942 ## - ADDED ENTRY ELEMENTS (KOHA)
Source of classification or shelving scheme Dewey Decimal Classification
Koha item type Hindi Books
Classification part 821
Call number suffix सिन्हामी
Holdings
Withdrawn status Lost status Damaged status Not for loan Home library Current library Date acquired Source of acquisition Cost, normal purchase price Total Checkouts Full call number Barcode Date last seen Date checked out Copy number Cost, replacement price Price effective from Koha item type Source of classification or shelving scheme Collection code
        Central Library Central Library 09/09/2015 Cen Lib/Ref 130.00 2 821 सिन्हामी B-077418 05/07/2017 21/06/2017 1 130.00 09/09/2015 Hindi Books    
        Shahdara Branch Shahdara Branch 25/01/2019 BPPD/PUB 130.00 1 821 सिन्हामी B-077422 19/02/2020 10/02/2020   130.00 25/01/2019 Hindi Books Dewey Decimal Classification Non-fiction

© Delhi Public Library
Hit Counter
free hit counter